Plánovanie - nová požiadavka pre rozvoj Slovenska v podmienkach Európskej únie

Vstup SR do Európskej únie a nové výzvy koncipované do programov. Plánovanie v podmienkach trhového hospodárstva.Vyrovnávanie rozdielov v heterogénnom prostredí európskych trhov. Cieľ Európskej komisie na obdobie do roku 2020. Sektorové operačné plány pre ďalší rozvoj ekonomiky.

Enregistré dans:
Détails bibliographiques
Auteur principal: Filo, Peter
Format: Chapitre de livre
Langue:slovaque
Sujets:
Tags: Ajouter un tag
Pas de tags, Soyez le premier à ajouter un tag!

MARC

LEADER 00000naa$a2200000$$$4500
001 0025207
005 20240502071421.6
041 0 |a slo 
044 |a SK 
245 1 0 |a Plánovanie - nová požiadavka pre rozvoj Slovenska v podmienkach Európskej únie  |c Peter Filo 
520 |a Vstup SR do Európskej únie a nové výzvy koncipované do programov. Plánovanie v podmienkach trhového hospodárstva.Vyrovnávanie rozdielov v heterogénnom prostredí európskych trhov. Cieľ Európskej komisie na obdobie do roku 2020. Sektorové operačné plány pre ďalší rozvoj ekonomiky. 
610 2 0 |a integrácia 
610 2 0 |a spolupráca hospodárska medzinárodná 
610 2 0 |a rozvoj hospodársky 
610 2 0 |a plánovanie 
610 2 0 |a programy 
610 2 0 |a investície 
610 2 0 |a regióny 
610 2 0 |a hospodárstvo trhové 
610 2 0 |a krajiny vyspelé 
610 2 0 |a Slovensko 
610 2 0 |a Európska únia 
100 1 |a Filo, Peter